000 00596nam a22001937a 4500
005 20150106114651.0
010 _aENG-111404
020 _a9788120350144
_c325.00
035 _aEN-94936
037 _bDBAD/PUB
082 _a621.381
100 _aBanerjee, G.K.
245 _aElectrical and electronics engineering materials /
_cby G.K. Banerjee
260 _aDelhi
_bPHI Learning
_c2015
270 _aRimjhim House, 111, Patparganj Industrial Estate
_bDelhi
_e110092
300 _axi,337p. :
_bill.
_c24cm(pbk)
500 _aIncludes index
942 _2ddc
_cEN
_mBAN
_h621.381
999 _c90546
_d90546